Cuerpo y espíriti / (Record no. 34189)

MARC details
000 -LEADER
campo de control de longitud fija 00651nam a2200193 i 4500
001 - NÚMERO DE CONTROL
campo de control 34189
003 - IDENTIFICADOR DE NÚMERO DE CONTROL
campo de control ES-MaACL
007 - CAMPO FIJO DE DESCRIPCIÓN FÍSICA--INFORMACIÓN GENERAL
campo de control de longitud fija t|
008 - DATOS DE LONGITUD FIJA--INFORMACIÓN GENERAL
campo de control de longitud fija 030204s1953 sp ||||1| spa d
100 1# - ENTRADA PRINCIPAL--NOMBRE DE PERSONA
Nombre de persona Boganelli, Eleuterio.
9 (RLIN) 29795
245 10 - MENCIÓN DEL TÍTULO
Título Cuerpo y espíriti /
Mención de responsabilidad, etc. Eleuterio Boganelli ; [traducción del original italiano por Antonio A. de Linares y Grund].
260 ## - PUBLICACIÓN, DISTRIBUCIÓN, ETC.
Lugar de publicación, distribución, etc. Madrid :
Nombre del editor, distribuidor, etc. Atenas,
Fecha de publicación, distribución, etc. [1953] (
Fabricante Maribel)
300 ## - DESCRIPCIÓN FÍSICA
Extensión 493 p. ;
Dimensiones 22 cm.
490 1# - MENCIÓN DE SERIE
Mención de serie Razonemos nuestra fé ;
Designación de volumen o secuencia 3
700 1# - ENTRADA AGREGADA--NOMBRE PERSONAL
Nombre de persona Linera y Grund, Antonio A. de.
9 (RLIN) 72430
830 0# - PUNTO DE ACCESO ADICIONAL DE SERIE-TÍTULO UNIFORME
Título uniforme Razonemos nuestra fé ;
Designación de volumen o secuencia 3
9 (RLIN) 182561
852 ## - LOCALIZACIÓN
Ubicación ES-MaACL
Número de control de estantería C-6109
Sublocalización o colección R.35480
Holdings
Estatus retirado Estado de pérdida Estado de daño No para préstamo Biblioteca de origen Biblioteca actual Ubicación en estantería Fecha de adquisición Fuente de adquisición Total de préstamos Signatura topográfica completa Código de barras Visto por última vez Precio de reemplazo Tipo de ítem Koha
        Biblioteca del Ateneo de Madrid Biblioteca del Ateneo de Madrid Sala Palomar 17/01/2008     C-6109 1035648 23/02/2023 23/02/2023 Libro impreso